00559nam a2200121Ia 4500008004100000245024700041260003500288260000900323300000800332500001800340650001300358856006600371170516s9999 xx 000 0 und d aPreparation and optimization of sustained release matrix tablets of metoprolol succinate and taro gum using response surface methodology M. Soumya, Y. A. Chowdary, V. Naga Swapna, N. D. Prathyusha, R. Geethika, B. Jyostna, K.Sai Krishna Mohan bAsian Journal of Pharmaceutics c2014 a8:1 aJanuary-March xPharmacy uhttp://www.asiapharmaceutics.info/index.php/ajp/issue/view/47